000 00796nam a2200229 a 4500
001 000042768
003 DO-SdBNP
005 20220405105233.0
008 140207s2011 dr 000 0 spa d
040 _aDO-SdBNP
_bspa
_cBNPHU
082 4 _bC743
_222
245 0 0 _aConferencias magistrales 2010 /
_cAdolfo Castañón ...[et. al]coordinador León Félix Bastista.
246 1 3 _aConferencias magistrales
260 _aSanto Domingo :
_bDirección General de la Feria del Libro,
_c2011.
300 _a154 p. ;
_c24 cm.
500 _aIncluye referencias bibliográficas y notas al pie de las páginas
590 _aInventariado, 2020 / DG
700 1 _aCastañón, Adolfo
_927667
700 1 _aBastista, León Félix,
_ecoor.
_970112
910 _aInventariado, 2020 / DG
942 _2ddc
_cLBS1
999 _c42257
_d42257